| 000 | 00665nam a2200193 i 4500 | ||
|---|---|---|---|
| 001 | 178964 | ||
| 003 | ES-MaACL | ||
| 005 | 20251130063156.0 | ||
| 008 | 110816s1901 fr |||| | fre d | ||
| 100 | 1 |
_aStrauss, Paul, _d1852-1943 _9147611 |
|
| 245 | 1 | 0 |
_aAssistance sociale _b: pauvres et mendiants / _cpar Paul Strauss. |
| 260 |
_aParis : _bFélix Alcan, _c1901. |
||
| 300 |
_a302 p. ; _c22 cm. |
||
| 490 | 1 |
_aBibliothèque générale des sciences sociales ; _v10 |
|
| 650 | 4 |
_aAsistencia social- _zFrancia. _9147612 |
|
| 830 | 0 | 0 |
_aBibliothèque générale des sciences sociales _v10 _9187778 |
| 852 |
_aES-MaACL _jC-23090 |
||
| 999 |
_c178964 _d178964 |
||